000 00573nam a22001817a 4500
005 20231116065141.0
008 231116b |||||||| |||| 00| 0 eng d
020 _a9780409120578
041 _aEnglish
082 _a344.1 DUP
100 _adu Plessis, JV and Fouche, MA
_lEnglish
245 _aA Practical Guide to labour Law /
_cJV du Plessis and MA Fouche
250 _aEighth Edition
260 _aDurban :
_bLexisNexis (Pty) Ltd,
_c2014
300 _bxiv, 445 pages ;
_c25 cm.
650 _aLegal practice
_bLaw
942 _cBK
_6ALISON_BN_VRIES
999 _c703
_d703